[Event "Høstturneringen 2023"]
[Site "Ås, Viken NOR"]
[Date "2023.11.16"]
[Round "8"]
[White "Brenden, Torbjørn"]
[Black "Lea, Per"]
[Result "1/2-1/2"]
[WhiteElo "1616"]
[BlackElo "1681"]
[Annotator "Lea,Per"]
[PlyCount "52"]
[EventDate "2023.09.07"]

1. d4 d5 {Svart forlater sin nyvunne kjærlighet (Hollandsk) på grunn av en stygg nedspilling i vårt forrige møte.} 2. Bf4 {Som ventet. En variant jeg har hatt store problemer med helt siden Alf Wilberg spilte det i Ås sjakklubb på 1980-tallet. Men nå har jeg i hvertfall fått en bedre måte å spille mot det på, takket være www.sjakktrening.no.} e6 3. e3 Bd6 (3... Nf6 {er det mest spilte, men jeg vil for (nesten) enhver pris sende London-løperen der den hører hjemme: i prikkeposen.}) 4. Bg3 {Et trekk som London-spillerne gjør på refleks. Å få en åpen h-linje mot seg kan bli et mareritt for svart.} (4. Qg4 {er et interessant alternativ som jeg ikke ville satt noe særlig pris p å.}) 4... Nf6 5. Nf3 Ne4 (5... O-O {er det vanligste, men da ville (nesten) fratatt meg selv muligheten til å slå på g3.}) 6. Bd3 Nxg3 {Tankegangen var at jeg blir sittende med løperparet, og jeg kan alltids rokere langt.} 7. hxg3 h6 (7... Nd7 {Løperen går tapt etter:} 8. Bxh7 $4 ({og:} 8. Rxh7 Rxh7 9. Bxh7 g6 10. Bxg6 (10. Qd3 Nf8 11. Bg8 Qf6 12. Nbd2 Qg7) 10... fxg6) 8... Nf8) 8. Nbd2 Nd7 9. Qe2 e5 (9... c5 {er bedre}) 10. dxe5 Nxe5 11. Nxe5 Bxe5 12. c3 (12. O-O-O {er neppe farlig, selv om svarts ene løper peker rett i i hvits kongestilling. Men det er ikke lett å se at svart kan utnytte det - det trengs som kjent minst 3 offiserer til for å kunne gjennomføre et kongeangrep. Og det vil ta lang tid å få til her.}) 12... Qd6 $2 ({Flere alternativer gir hvit en litt bedre stilling, men svart bør klare seg etter disse variantene:} 12... Be6) (12... Qe7) (12... c6) 13. Nf3 {Ser greit ut, men som vi stadig terper på i barnegruppa: "Når du ser et godt trekk, ikke gjør det, men se om du kan finne et enda bedre trekk". Problemet her er at det beste alternativet ikke er så veldig opplagt.} (13. e4 $1 {ville vært veldig ubehagelig for svart, trusselen er f2-f4 etterfulgt av e4-e5. Siden hvit har konge og dronning i samme linje er det ikke sikkert at hvit vinner svartfeltløperen, men Stockfish gir allikevel en klar fordel for hvit hvis han får gjennomført disse truslene.} d4 (13... O-O $4 14. f4 Bf6 15. e5 Qd7 16. O-O-O (16. exf6 $4 Re8 {og svart får tilbake materiell.}) 16... Re8 17. Qf3 Be7 18. Bc2 {med avgjørende fordel for hvit}) (13... Qe7) 14. Nc4 {og svart har store problemer.}) 13... Bf6 14. Qc2 Bd7 15. Qb3 O-O 16. O-O a5 17. a4 c6 18. Qc2 Be7 19. Nd4 g6 20. e4 dxe4 21. Bxe4 {Sakte men sikkert har pila svingt i svarts favør, men nå fordunster den lille forskjellen:} f5 $2 (21... Kg7 {ville beholdt en liten fordel.}) 22. Bd3 Kg7 23. Bc4 Bf6 24. Rad1 Qc7 25. Be6 Bxd4 26. Bxd7 Qxd7 $2 {Med remistilbud, som ble akseptert. Alle tilbaketrekninger av løperen gir en 0,00-stilling, men jeg så for meg et generalavbytte med samme resultat. I følge Stockfish en feilslutning ... Etter partiet så vi raskt på hva som kunne skje hvis alle offiserene forsvant fra brettet. Den første konklusjonen var at bondesluttspillet var vunnet for svart, men mer grundige analyser ville sikkert funnet forbedringer for hvit.  Hvis vi fjerner alle offiserene i sluttstillingen, er det remis hvis hvit er i trekket, men seier til svart hvis svart er i trekket.} ({Etter} 26... Qxd7 27. Rxd4 Qc7 28. Qd3 Rad8 29. Rd1 Rxd4 30. Qxd4+ Kg8 {står hvit litt bedre}) 1/2-1/2

[Event "Høstturneringen 2023"]
[Site "Ås, Viken NOR"]
[Date "2023.11.16"]
[Round "8"]
[White "Bakken, Svein-Erik"]
[Black "Larsen, Jo Ingebrigt"]
[Result "0-1"]
[WhiteElo "1576"]
[BlackElo "1597"]
[PlyCount "68"]
[EventDate "2023.09.07"]

1. d4 Nf6 2. c4 e5 3. dxe5 Ng4 4. e3 Nxe5 5. Be2 Nbc6 6. a3 a5 7. Nd2 a4 8. Ngf3 d5 9. O-O Be6 10. Nxe5 Nxe5 11. Nf3 Nxc4 12. Qc2 Bd6 13. Rd1 Qf6 14. e4 Qg6 15. Bd3 Bh3 16. Ne1 Ne5 17. f4 Nxd3 18. Qxd3 Bg4 19. f5 Qh5 20. Nf3 Bxf3 21. Qxf3 Qxh2+ 22. Kf1 O-O 23. Rxd5 Rfe8 24. Kf2 Qh4+ 25. Ke3 Qe1+ 26. Kd3 Rad8 27. g4 Be5 28. Kc4 c6 29. Rxd8 b5+ 30. Kc5 Rxd8 31. Kxc6 Qa5 32. Bf4 Qc7+ 33. Kxb5 Rb8+ 34. Kxa4 Qa7# 0-1

[Event "Høstturneringen 2023"]
[Site "Ås, Viken NOR"]
[Date "2023.11.16"]
[Round "8"]
[White "Thowsen, Alf Geir"]
[Black "Holm, Bjarne"]
[Result "0-1"]
[WhiteElo "1338"]
[BlackElo "1736"]
[PlyCount "48"]
[EventDate "2023.09.07"]

1. d4 Nf6 2. c3 e6 3. Bg5 d5 4. e3 h6 5. Bf4 Bd7 6. Nd2 c5 7. Be2 Nc6 8. h3 c4
9. Ngf3 b5 10. b3 Qa5 11. Qc2 Rc8 12. O-O b4 13. bxc4 dxc4 14. Nxc4 Qd5 15.
Rfc1 bxc3 16. Nfd2 cxd2 17. Qxd2 Bb4 18. Qd3 O-O 19. Bf3 Qf5 20. Qb3 Be7 21.
Bd6 Qg6 22. Qa3 Nd5 23. Bxd5 exd5 24. Bxe7 Bxh3 0-1

[Event "Høstturneringen 2023"]
[Site "Ås, Viken NOR"]
[Date "2023.11.16"]
[Round "8"]
[White "Smith, Robert M"]
[Black "Hrituleac, Kosta"]
[Result "1/2-1/2"]
[WhiteElo "1353"]
[BlackElo "1206"]
[PlyCount "77"]

1. e4 c6 2. Nc3 d5 3. Nf3 Bg4 4. h3 Bxf3 5. Qxf3 e6 6. e5 Qc7 7. d4 a6 8. Bd3 c5 9. Qg3 cxd4 10. Ne2 Bb4+ 11. Kf1 Nc6 12. Qxg7 Qxe5 13. Qxe5 Nxe5 14. Bg5 Nc6 15. g4 h6 16. Bh4 Be7 17. Bg3 Nf6 18. f4 Rd8 19. a3 h5 20. g5 Nd7 21. b4 b5 22. Bf2 e5 23. fxe5 Ncxe5 24. Bxd4 Bxg5 25. Ng1 Bd2 26. Rd1 Bf4 27. Re1 O-O 28. Bf5 Ng6 29. Ne2 Be5 30. Bxe5 Ndxe5 31. Rg1 Nf3 32. Rg3 Nxe1 33. Kxe1 Kh7 34. Nf4 Rfe8+ 35. Kd2 Re5 36. Rg5 Rxf5 37. Rxf5 Nxf4 38. Rxf4 Kg6 39. Kd3 1/2-1/2

[Event "Høstturneringen 2023"]
[Site "Viken NOR"]
[Date "2023.11.21"]
[Round "8"]
[White "Andersen, Odd"]
[Black "Mortensen, Michael"]
[Result "1-0"]
[WhiteElo "1758"]
[BlackElo "1155"]
[PlyCount "120"]

1. e4 c5 2. Nf3 e6 3. d4 cxd4 4. Nxd4 Nc6 5. c4 Nf6 6. Nxc6 bxc6 7. Qc2 Bb4+ 8. Bd2 Bxd2+ 9. Nxd2 d5 10. cxd5 cxd5 11. Bd3 dxe4 12. Nxe4 Nxe4 13. Bxe4 Rb8 14. O-O Bb7 15. Rfd1 Qc8 16. Qa4+ Kf8 17. Rac1 Qe8 18. Qxe8+ Kxe8 19. Bxb7 Ke7 20. Rc7+ Kf6 21. Rdd7 Rhf8 22. g3 h6 23. b3 h5 24. f4 g6 25. h3 Kg7 26. Ba6 Rb6 27. Bc4 a6 28. a4 a5 29. Rb7 Rc6 30. Rb5 Ra8 31. Kf2 Kf6 32. Rbb7 Rf8 33. Ra7 Rc5 34. Rdc7 Rxc7 35. Rxc7 Rd8 36. Ke2 Ra8 37. Rc5 Ra7 38. Kd3 Ke7 39. Bb5 Kf6 40. g4 hxg4 41. hxg4 Kg7 42. g5 f6 43. gxf6+ Kxf6 44. Bc6 Rh7 45. Ke3 Ra7 46. Kd4 Ra6 47. Kc4 Ra7 48. Kb5 Ke7 49. Kb6 Kd6 50. Rc3 Rf7 51. Rd3+ Ke7 52. Rd7+ Kf6 53. Rxf7+ Kxf7 54. Kxa5 Kf6 55. Kb4 Kf5 56. Bd7 Kxf4 57. Bxe6 g5 58. a5 g4 59. Bxg4 Kxg4 60. a6 Kf5 1-0

[Event "Høstturneringen 2023"]
[Site "Ås, Viken NOR"]
[Date "2023.11.16"]
[Round "8"]
[White "Heien, Aksel"]
[Black "Nicolaisen, Lars-Henrik Nystøyl"]
[Result "0-1"]
[WhiteElo "1355"]
[BlackElo "1255"]
[PlyCount "86"]
[EventDate "2023.09.07"]

1. e4 c6 2. d4 d5 3. Nc3 dxe4 4. Nxe4 Bf5 5. Ng3 Bg6 6. Nf3 Nd7 7. h4 h6 8. Bd3 Bxd3 9. Qxd3 Ngf6 10. h5 e6 11. Bf4 Nd5 12. Bd2 Bd6 13. Ne4 Be7 14. a3 N7f6 15. c4 Nxe4 16. Qxe4 Nf6 17. Qc2 c5 18. Bc3 cxd4 19. Bxd4 Rc8 20. Bxa7 Qa5+ 21. Kf1 Qxa7 22. b4 Bxb4 23. Nd2 Bxd2 24. Qxd2 O-O 25. Rh4 Rfd8 26. Qf4 Qa4 27. g3 Rd1+ 28. Rxd1 Qxd1+ 29. Kg2 Qb3 30. Qc1 b5 31. a4 bxa4 32. c5 Qd5+ 33. Kg1 Rxc5 34. Qa1 Qd2 35. Kg2 Rc1 36. Qd4 Qxd4 37. Rxd4 a3 38. Ra4 Ra1 39. g4 a2 40. Kf3 Nd5 41. Kg2 Nc3 42. Ra8+ Kh7 43. Kf3 Re1 0-1

[Event "Høstturneringen 2023"]
[Site "Ås, Viken NOR"]
[Date "2023.12.14"]
[Round "9"]
[White "Lea, Per"]
[Black "Holm, Bjarne"]
[Result "1-0"]
[WhiteElo "1681"]
[BlackElo "1736"]
[PlyCount "59"]
[EventDate "2023.09.07"]

1. c4 e5 2. g3 c6 3. Bg2 d5 4. e3 Nf6 5. b3 d4 6. d3 Bc5 7. Nf3 Bg4 8. h3 Bxf3
9. Qxf3 $4 Nbd7 $2 (9... dxe3 10. fxe3 (10. Bxe3 $4 Bd4 $1 {0-1})) 10. O-O Qc7
11. a3 a5 12. e4 Be7 13. Qe2 Nc5 14. Qc2 Qb6 (14... h5 $1) 15. Nd2 Bd6 16. Rb1
Ne6 17. Bb2 c5 18. Bc1 Qc7 19. Nf3 h6 20. Nh4 g6 21. Bd2 b6 $2 (21... Nd7) (
21... Be7) 22. b4 $2 (22. Nf5 $1) 22... axb4 23. axb4 cxb4 24. Bxb4 $2 (24. f4)
24... Nc5 (24... Bxb4 25. Rxb4 Nc5 $17) 25. Bd2 Ne6 (25... Ra3) (25... Ra7) 26.
f4 Nh5 $4 (26... Nc5) 27. f5 Nf8 28. g4 $2 (28. Ra1 Rxa1 29. Rxa1 Qc6 30. Bf3
Nxg3 31. Kf2 Nh5 32. fxg6 fxg6 33. Bxh5 gxh5 34. Qd1 $18) 28... Nf4 (28... g5)
29. Bxf4 exf4 $4 (29... g5 30. Ra1 Rxa1) 30. e5 1-0

[Event "Høstturneringen 2023"]
[Site "Ås, Viken NOR"]
[Date "2023.12.07"]
[Round "9"]
[White "Larsen, Jo Ingebrigt"]
[Black "Andersen, Odd"]
[Result "0-1"]
[WhiteElo "1597"]
[BlackElo "1758"]
[PlyCount "76"]
[EventDate "2023.09.07"]

1. Nc3 Nf6 2. e4 e5 3. Bc4 Bc5 4. d3 h6 5. h3 Nc6 6. Nf3 a6 7. a3 d6 8. b4 Ba7
9. Bb2 b5 10. Bb3 Bb7 11. Qd2 Nd4 12. Nxd4 Bxd4 13. Rb1 c6 14. Ne2 Bxb2 15.
Rxb2 O-O 16. Ng3 Bc8 17. O-O Be6 18. c4 d5 19. exd5 cxd5 20. c5 Re8 21. Re1 Qc7
22. Qe3 Nd7 23. d4 e4 24. Nh5 Qc6 25. Qg3 g6 26. Nf4 Kg7 27. Rbe2 Nf6 28. Qc3
g5 29. Nxe6+ Rxe6 30. f3 Rae8 31. fxe4 Nxe4 32. Rxe4 Rxe4 33. Rxe4 Rxe4 34. Bc2
Rf4 35. g3 Rf6 36. Qd3 Qe6 37. Kg2 Kf8 38. a4 Qe1 $1 0-1

[Event "Høstturneringen 2023"]
[Site "Ås, Viken NOR"]
[Date "2023.12.07"]
[Round "9"]
[White "Kielland-Lund, Jon"]
[Black "Brenden, Torbjørn"]
[Result "1-0"]
[WhiteElo "1715"]
[BlackElo "1616"]
[Annotator "Tactical Analysis 5.3 (5s)"]
[PlyCount "119"]

1. c4 e5 2. Nc3 Bb4 {Korrekt antok jeg at svart hadde forberedt noe på Sd5, fulgt av b4 osv.} 3. g3 Bxc3 4. bxc3 d6 5. Bg2 Ne7 6. Rb1 Nbc6 7. d3 O-O 8. Nf3 {[%cal Bg1f3,Bf3d2,Bd2e4][%mdl 32] The position is equal.} h6 9. Nd2 f5 10. O-O {[%cal Oc4c5]} f4 11. Ne4 b6 12. d4 {[%eval -48,19]} (12. e3 $11 {[%eval -16,21] is superior.}) 12... Bb7 {[%eval -5,21]} (12... Qe8 $15 {[%eval -48,19] should be considered.}) 13. Qa4 {[%eval -58,21]} ({Better is} 13. e3 $11 {[%eval -5,21]}) 13... fxg3 {[%eval -1,20]} (13... Na5 $1 $15 {[%eval -58,21]}) 14. Nxg3 Qc8 15. c5 exd4 16. cxd4 {next d5 is good for White. Really sharp!} dxc5 17. dxc5 Qe6 {[%eval 77,22]} ({Much less strong is} 17... Ne5 18. Bxb7 Qxb7 19. f4 $16) (17... Na5 $11 {[%eval 1,20]}) 18. Qb3 {[%eval -1,22]} (18. Rb3 $1 $16 {[%eval 77,22]}) 18... Qxb3 $11 (18... Qf7 {looks sharper.} 19. Rd1 Na5 20. Qxf7+ Rxf7 21. Bxb7 Nxb7 22. Rd7 Nxc5 23. Rxc7 Nd5) 19. Rxb3 Na5 {And now ...Bxg2 would win.} 20. Bxb7 Nxb7 {Pair of Knights!} 21. cxb6 axb6 22. Ba3 Rf7 23. Rd1 Rd8 {[%eval 13,23]} (23... Ng6 $15 {[%eval -36,22] is more appropriate.}) 24. Rxd8+ Nxd8 25. Rd3 Ne6 {[%eval 145,23] [#]} (25... Nec6 $11 {[%eval 1,24]}) 26. Re3 $1 $16 Nc5 27. Bxc5 bxc5 {[%mdl 4096] Endgame KRN-KRN} 28. Rc3 Rf8 29. Rxc5 c6 30. a4 {[%cal Ba2a4,Ba4a5][%mdl 32]} Ra8 31. a5 Ra6 {[%eval 235,26]} (31... Kf7 {[%eval 164,22] was called for.} 32. Kg2 Nd5) 32. e4 {[%cal Be2e4,Be4e5][%mdl 32]} Kf7 33. e5 Ke6 34. f4 g6 {[%eval 215,26]} (34... g5 $16 {[%eval 138,24] was worth a try.}) 35. Kf2 $18 h5 36. Kf3 Ra8 37. Ne2 Nf5 38. Rxc6+ $2 {[%eval -1,26]} (38. Ke4 $18 {[%eval 278,24]} Kd7 39. Nd4 Nxd4 40. Kxd4) 38... Kd7 {[%eval 509,23][%mdl 8192]} (38... Kd5 $11 {[%eval -1,26] and Black stays safe.} 39. Rc2 Rxa5) 39. Rc5 Rb8 {[%eval 536,24]} (39... Ra7 $142 {[%eval 360,22]} 40. Rd5+ Ke6) 40. Rc3 Rb2 {[%eval 545,27]} (40... Rb4 {[%eval 385,25] keeps fighting.} 41. Ra3 Kc8) 41. Ra3 Kc7 {[%eval 593,24]} (41... Kc8 $142 {[%eval 386,24]} 42. a6 Kb8) 42. a6 {Hoping for a7.} Kb8 43. a7+ Ka8 44. h3 Rb4 45. Ng3 $2 {[%eval 100,24]} (45. Nc3 $18 {[%eval 357,26] has better winning chances.}) 45... Nd4+ $16 46. Kg2 {aiming for Ra6.} Rb2+ 47. Kg1 h4 48. Ne4 Ne2+ 49. Kf1 Nxf4 {[#]} 50. Ng5 {[%eval 101,25]} (50. Rf3 $1 $18 {[%eval 227,25][%cal Rf3f4] and the rest is easy.} Rb1+ 51. Kf2 Rb2+ 52. Kf1 Rb1+ 53. Kf2 Rb2+ 54. Kf1) 50... Rb4 {[%eval 312,26]} (50... Rb5 $16 {[%eval 101,25]}) 51. Kf2 {[%eval 145,26]} (51. e6 $18 {[%eval 312,26] e7 would kill now.} Rb7 52. Kf2) 51... Rb6 $2 {[%eval 390,29]} (51... Rb5 $16 {[%eval 145,26]}) 52. Kf3 Nd5 53. Ke4 Ne7 54. Ra4 {Against Rb4+. Threatens to win with e6.} Rc6 {[%eval 498,26]} (54... Rb1 $142 {[%eval 353,25]} 55. Ne6 Re1+ 56. Kf3 Rc1) 55. e6 $18 Rc5 56. Kf4 Nf5 $2 {[%eval 639,26]} (56... Nd5+ {[%eval 347,25]} 57. Kg4 Ne7 58. Kxh4 Re5) 57. Ne4 Rc7 58. Kg5 Rxa7 59. Rxa7+ Kxa7 60. Kxg6 {Weighted Error Value: White=0.44/Black=0.77} 1-0

[Event "Høstturneringen 2023"]
[Site "Ås, Viken NOR"]
[Date "2023.12.14"]
[Round "9"]
[White "Kvedalen, Sindre"]
[Black "Bakken, Svein-Erik"]
[Result "1-0"]
[WhiteElo "1107"]
[BlackElo "1576"]
[PlyCount "109"]
[EventDate "2023.09.07"]

1. e4 c5 2. c3 e6 3. d4 cxd4 4. cxd4 d5 5. exd5 Qxd5 6. Nf3 Nc6 7. Nc3 Qd8 8. Bc4 Nf6 9. a3 a6 10. Bf4 Be7 11. O-O O-O 12. Bg5 b5 13. Bb3 Bb7 14. d5 exd5 15. Nxd5 Nxd5 16. Qxd5 Bxg5 17. Nxg5 Qxd5 18. Bxd5 h6 19. Ne4 Na5 20. Rad1 Rad8 21. Bxb7 Nxb7 22. b4 a5 23. Nc3 axb4 24. axb4 Nd6 25. Rd5 Rc8 26. Nxb5 Nxb5 27. Rxb5 Rb8 28. Rxb8 Rxb8 29. Rb1 f5 30. b5 Kf7 31. Kf1 Ke6 32. b6 g5 33. Rb5 f4 34. b7 Kd7 35. Rb6 Kc7 36. Rxh6 Re8 37. Rh7+ Kb8 38. f3 Re5 39. Rh5 Rb5 40. h4 Rb1+ 41. Kf2 Rb2+ 42. Kg1 gxh4 43. Rxh4 Rb1+ 44. Kh2 Rb4 45. Kh3 Kxb7 46. g3 Kc7 47. Rxf4 Rxf4 48. gxf4 Kd7 49. Kg4 Ke7 50. Kg5 Kf8 51. Kg6 Kg8 52. f5 Kf8 53. f6 Kg8 54. f7+ Kf8 55. f4 1-0

[Event "Høstturneringen 2023"]
[Site "Ås, Viken NOR"]
[Date "2023.11.30"]
[Round "9"]
[White "Nicolaisen, Lars-Henrik Nystøyl"]
[Black "Smith, Robert M"]
[Result "0-1"]
[WhiteElo "1255"]
[BlackElo "1353"]
[PlyCount "66"]
[EventDate "2023.09.07"]

1. e4 c6 2. d4 d5 3. Nc3 dxe4 4. Nxe4 Nf6 5. Nxf6+ exf6 6. Nf3 Bd6 7. Bd3 O-O 8. O-O Bg4 9. h3 Bh5 10. Re1 Re8 11. Rxe8+ Qxe8 12. Qe2 Nd7 13. Qxe8+ Rxe8 14. g4 Bg6 15. Bxg6 hxg6 16. Bd2 f5 17. Re1 Rxe1+ 18. Nxe1 fxg4 19. hxg4 c5 20. c3 cxd4 21. cxd4 Nf6 22. f3 Nd5 23. Kf2 f5 24. gxf5 gxf5 25. Nd3 Kf7 26. Ne5+ Ke6 27. Nc4 Bb4 28. Bxb4 Nxb4 29. Ne3 f4 30. Ng2 g5 31. Ke2 Nxa2 32. Kd3 Kd5 33. Ne1 Nc1+ (33... Nc1+ 34. Kd2 (34. Kc3 Ne2+ 35. Kd3 Nxd4) (34. Kc2 Ne2 35. Kd3 Nxd4) 34... Nb3+ 35. Kd3 Nxd4) 0-1

[Event "Høstturneringen 2023"]
[Site "Ås, Viken NOR"]
[Date "2023.12.07"]
[Round "9"]
[White "Furnes, Torstein"]
[Black "Samset, Jon"]
[Result "1-0"]
[WhiteElo "1723"]
[BlackElo "1390"]
[Annotator "Furnes,Torstein"]
[PlyCount "73"]
[EventDate "2023.09.07"]

1. d4 Nf6 2. c4 d6 3. Nc3 g6 4. e4 Nc6 5. Nf3 Bg7 6. Be2 O-O 7. O-O b6 8. d5 Na5 9. Be3 Ba6 10. Nd2 c5 11. Rc1 Nd7 12. f4 f5 13. exf5 Rxf5 14. Bd3 Rf7 15. b3 Qe8 16. f5 Ne5 17. Bb1 Rf6 18. fxg6 Rxf1+ 19. Qxf1 Nxg6 20. Qd3 Qd7 21. Rf1 Rf8 22. Rxf8+ Bxf8 (22... Nxf8 {er litt bedre ifølge Stockfish.}) 23. Nf3 Nb7 24. Ng5 Bh6 25. Ne6 Bxe3+ 26. Qxe3 Nd8 27. h4 Nxe6 28. dxe6 Qe8 29. h5 Nf8 30. Qg5+ Kh8 31. Qh6 Bc8 32. Bf5 a5 ({Stockfish vil spille} 32... Bxe6 33. Bxe6 Nxe6 34. Qxe6 Qxh5 35. Qxe7 Qh6) 33. g4 {Forhindrer muligheten nevnt ovenfor.} Ba6 {Nå er det matt i 7 trekk.} 34. Ne4 Bb7 35. Ng5 Bc8 36. Nxh7 Kg8 37. Nxf8 1-0

[Event "Konrad Timestrening høst 2023"]
[Site "Ås, Viken NOR"]
[Date "2023.09.14"]
[Round "1"]
[White "Innset-Ekkje, Amandus"]
[Black "Aamodt, Peder Marcus"]
[Result "0-1"]
[WhiteElo "1270"]
[BlackElo "1951"]
[PlyCount "66"]

1. d4 d5 2. c4 e6 3. Nf3 Nf6 4. Bg5 Nbd7 5. Nc3 Be7 6. e3 h6 7. Bh4 O-O 8. Bd3
b6 9. cxd5 Nxd5 10. Bxe7 Qxe7 11. Nxd5 exd5 12. a3 c5 13. Rc1 Bb7 14. O-O c4
15. Bb1 b5 16. Qc2 g6 17. Qc3 a5 18. b4 axb4 19. axb4 Ra4 20. Bc2 Rxb4 21. Nd2
Nb6 22. Rb1 Rxb1 23. Rxb1 Bc6 24. Nf3 Ra8 25. Ne5 Be8 26. Qd2 Ra2 27. Qc3 b4
28. Qe1 Rxc2 29. Qd1 b3 30. Nf3 Qb4 31. Ne1 Rd2 32. Qf3 c3 33. g3 c2 0-1

[Event "Konrad Timestrening høst 2023"]
[Site "Ås, Viken NOR"]
[Date "2023.12.07"]
[Round "2"]
[White "Kvedalen, Sindre"]
[Black "Lea, Per"]
[Result "0-1"]
[WhiteElo "1107"]
[BlackElo "1681"]
[PlyCount "42"]
[EventDate "2023.09.07"]

1. e4 e5 2. Nc3 Nf6 3. g3 Bc5 4. Bg2 Nc6 5. Nf3 d6 6. h3 h6 7. O-O Be6 8. Re1
Qd7 9. Kh2 Bxf2 10. Re2 Bb6 11. Qf1 (11. Na4) (11. d3) 11... O-O-O 12. Nh4 $2 (
12. d3) 12... Nd4 13. Nf3 Nxe2 14. Qxe2 g5 15. g4 Bxg4 $2 (15... h5 $1) 16.
hxg4 Nxg4+ (16... h5 $1) 17. Kh1 Nf2+ 18. Kh2 Qg4 (18... g4) 19. Kg1 Nxe4+ 20.
Kh1 Ng3+ 21. Kh2 Nxe2 0-1

[Event "Klubbmesterskapet 2023 (A)"]
[Site "Ås, Viken NOR"]
[Date "2023.02.02"]
[Round "1"]
[White "Samset, Jon"]
[Black "Holm, Bjarne"]
[Result "0-1"]
[WhiteElo "1400"]
[BlackElo "1683"]
[PlyCount "56"]
[EventDate "2023.02.02"]

1. e4 e5 2. Nf3 Nc6 3. Bb5 a6 4. Ba4 Nf6 5. Bxc6 dxc6 6. d3 Qd6 7. Nbd2 b5 8.
a3 c5 9. O-O Be7 10. a4 Bb7 11. axb5 axb5 12. Rxa8+ Bxa8 13. b3 O-O 14. Bb2 Nd7
15. Qa1 Bf6 16. Re1 Bc6 17. Ba3 Ra8 18. Qc1 g6 19. Nb1 Bg7 20. Bb2 Nf8 21. Qg5
f6 22. Qe3 Ne6 23. Nc3 Nd4 24. Rc1 Qf8 25. g4 Bh6 26. g5 fxg5 27. Nxg5 Bxg5 28.
Qxg5 Nf3+ 0-1

[Event "Klubbmesterskapet 2023 (A)"]
[Site "Ås, Viken NOR"]
[Date "2023.02.02"]
[Round "1"]
[White "Brenden, Torbjørn"]
[Black "Kielland-Lund, Jon"]
[Result "0-1"]
[WhiteElo "1624"]
[BlackElo "1723"]
[Annotator "Tactical Analysis 5.3 (5s)"]
[PlyCount "106"]
[EventDate "2023.02.02"]

1. d4 d5 2. c4 c6 3. Nc3 dxc4 4. a4 e5 5. Nf3 exd4 6. Qxd4 Qxd4 7. Nxd4 Bc5 8.
e3 Bxd4 9. exd4 Be6 {The position is equal.} 10. Be2 (10. Ne4 $11) 10... Nf6
11. O-O Nbd7 12. a5 O-O 13. Bf3 Bd5 ({Black should try} 13... Nd5 $17) 14. Nxd5
$11 cxd5 15. Bg5 (15. b3 $11 {remains equal.}) 15... b5 16. a6 Rab8 (16... b4
$17) 17. Bf4 $15 Rb6 {...Nb8 is the strong threat.} 18. Ra5 (18. Rfe1 $15)
18... Ne4 ({Black should play} 18... Rc8 $1 $17 {Threatens to win with ...Nb8.}
19. Re1 Nb8 20. Bxb8 Rcxb8) 19. Re1 f5 20. h4 (20. Bc7 $1 $11 Rc6 21. Bf4)
20... Ndf6 (20... Rc8 $1 $17 {Hoping for ...Nb8.} 21. g4 Kf7) 21. Bc7 $11 Rc6
22. Bf4 (22. Be5 $11) 22... b4 $17 {[%cal Bb5b4,Bb4b3] [%mdl 32] Black
converts the advantage convincingly.} 23. Be2 {[#]} b3 $1 24. f3 Nd6 {[%cal
Be4d6,Bd6b5,Bb5d4] [%mdl 32] White must now prevent ...Rb8.} 25. Bd2 $2 {[%mdl
8192]} (25. Be5 $17 {keeps fighting.}) 25... Re8 26. Kf2 $2 {[#]} (26. Bf4 Nf7
27. Kf2) 26... Rb6 $2 (26... Nfe4+ $1 $19 {[%mdl 512] is more deadly.} 27. fxe4
Nxe4+ 28. Kg1 Nxd2 29. Rxd5 c3 30. bxc3 Rce6 {Joda, men ikke lett å se.}) 27.
Rc1 $2 {[%mdl 8192]} (27. Bg5 $17) 27... Re6 28. g3 (28. Bf4 $142 Nc8 29. Bc7)
28... Nb5 29. Bf1 Nxd4 30. Be3 Rb5 31. Ra4 {[#]} Rxe3 32. Kxe3 Nc2+ {Pair of
Knights!} 33. Kd2 {[%cal Oa4c4]} Kf8 $2 {Her fryktet jeg et tårnoffer på c4
med massevis av trusler.} (33... Rb6 $19 {has better winning chances. And now .
..Kf7 would win.} 34. Rd1 h6) 34. Rxc2 $2 {[%mdl 8192]} (34. Bxc4 $17 dxc4 35.
Rxc4) 34... bxc2 $19 35. Kxc2 $17 {[%mdl 4096] Endgame KRB-KRN} Ke7 36. Ra3 Kd6
37. b3 cxb3+ 38. Kb2 Rb6 39. Bd3 g6 40. Ra4 Nd7 41. Ra3 Nc5 42. Be2 Ke5 43. Ra5
Kd4 44. g4 f4 45. h5 g5 {aiming for ...Re6.} 46. Bf1 Re6 47. Ra1 Re3 48. Rd1+
Ke5 49. Ka3 Rxf3 50. Bg2 Rd3 51. Rxd3 Nxd3 {Black mates.} 52. Kxb3 Kd4 53. Bf1
Ne5 {Weighted Error Value: White=0.94/Black=0.79} 0-1